000 01550nam0a2200397 4500
001 RU\NLR\BIBL_A\022300325
005 20260420013407.0
010 _a978-5-907754-34-8
_91000
021 _aRU
_bКН-П-24-037975
_9КН-П-24-3798
035 _a(NLR Aleph) 022300325
090 _a13662816
_c13662816
100 _a20240815d2024 u y0rusy50 ca
101 0 _arus
102 _aRU
105 _aa z 000ay
181 0 _ai2
_baxxe
181 0 _ab2
_bbb2e
182 0 _an
200 1 _aЗлатовласка
_eчешская сказка
_e[для чтения детям вслух]
_fв пересказе Елены Киричек
_gиллюстрации Натальи Климовой
203 _aТекст
_aИзображение
_bвизуальные
_cнепосредственные
210 _aМосква
_cБумба
_d2024
215 _a[23] с.
_cцв. ил.
_d24х24
225 1 _aСказки дальних земель
300 _aВ вып. дан. авт.: Киричек Елена
333 _a0+
686 0 _aШ9(2)60=Р7-2
686 0 _aШ9(4Че)4-2
702 1 _aКиричек
_bЕ. А.
_gЕлена Александровна
_4570
702 1 _4040
_aКлимова
_bН. Л.
_cхудожник
_f1971-
_gНаталья Леонидовна
_9140567
_3RU\NLR\AUTH\770140603
942 _cBOOK
980 _aNB